Statistics for The Less I Know The Better - Tame Impala (All Lyrics)

Click here to take the quiz!

General Stats

  • This quiz has been taken 123 times
  • The average score is 163 of 200

Answer Stats

The Less I Know The Better% Correct
I
100%
the
100%
you
99%
You
99%
be
97%
better
96%
"Better
96%
with
96%
he
95%
on,
95%
on
95%
Said,
95%
said,
95%
said
95%
to
95%
was
95%
your
95%
know
93%
less
93%
me
93%
No
93%
together"
93%
together
93%
She
91%
Oh,
89%
So
89%
can't
88%
Can't
88%
love
87%
they
87%
my
86%
Not
86%
not
86%
see
86%
Then
86%
Trevor
86%
ever
84%
her
84%
now
83%
Verse 1Someone
83%
get
82%
hands
82%
Heather"
82%
holding
82%
mind?
82%
mind
82%
never
82%
yourself
82%
Don't
80%
x3don't
80%
out
80%
saw
80%
by
79%
feeling
79%
should
79%
try
79%
doing
78%
face,
78%
fine
78%
greatest
78%
side?
78%
without
78%
"It's
76%
Just
76%
late
76%
luck
76%
than
76%
When
76%
forever"
75%
his
75%
Till
75%
Wait
75%
wait
75%
door
74%
say
74%
who
74%
eyes
72%
make
72%
or
72%
ran
72%
Superman,
72%
are?
71%
Is
71%
stupid
71%
suppose
71%
this
71%
all
70%
change
70%
erase
70%
from
70%
"Pull
70%
we'll
70%
you're
70%
"Come
68%
slept
68%
that
68%
left
67%
mine
67%
surprise
67%
what
67%
line"
66%
want?
66%
years,
66%
away
64%
Convince
64%
could
64%
in
64%
lover
63%
ten
63%
bullshit
62%
every
62%
like
62%
turn
62%
night
61%
where
61%
ya
61%
goodbye
59%
shoulder
53%
sweet
51%
darling,
50%
Givin'
50%
heard
45%
wants
36%

Score Distribution

Percentile by Number Answered

Percent of People with Each Score

Your Score History

You have not taken this quiz